| 000 | 01932cam a22003131 4500 | ||
|---|---|---|---|
| 001 | 23110 | ||
| 003 | BD-RjUL | ||
| 005 | 20211209000907.0 | ||
| 008 | 140310s1945 enkh 001 0 eng | ||
| 035 | _a(BD-RjUL)23175 | ||
| 035 | _a(OCoLC)4070303 | ||
| 040 |
_aDLC _cIaAS _dOCoLC _dDLC _dBD-RjUL _beng |
||
| 041 | 0 | _aenglat | |
| 082 |
_a283.42 _bREG |
||
| 110 | 1 |
_aCanterbury, Eng. (Province). _bArchbishop, 1414-1443 (Henry Chichele) _971290 |
|
| 245 | 1 | 4 |
_aThe register of Henry Chichele, Archbishop of Canterbury, 1414-1443 / _cEdited by E.F. Jacob. _nVolume III |
| 260 |
_aOxford : _bPrinted at the University Press, _c1945. |
||
| 300 |
_a521 p. : _bfold. facsim. ; _c26 cm. |
||
| 490 | 1 |
_aCanterbury and York series, _vv. 43, 45-47 |
|
| 500 | _aVol. 2 issued in two parts, 1936-37, and edited by E. F. Jacob with the assistance of H.C. Johnson. | ||
| 500 | _aErrata slip inserted in v. 4. | ||
| 505 | 0 | _a--v. 1 Introduction: Introductory. The archbishop. The archbishop's administration. pt. 1. Bulls of provision and other documents relating to the appointment of the higher clergy. pt. 2. Institutions, exchanges, etc., in the Diocese of Canterbury and in vacant sees. Appendix: Lists of benefices, etc. 1943.--v. 2 Wills proved before the archbishop or his commissaries. 1967.--v. 3 pt. 1. Minutes of convocation, Province of Canterbury. pt. 2. Registers of vacant sees. pt. 3 The archbishop's visitations. Appendix: Summary of convocations recorded in the register. 1945.--v. 4 pt. 1. Commissions, letters, royal writs. pt. 2 Ordination lists: Diocese of Canterbury: sees during metropolitical visitation and during vacancy. 1947. | |
| 650 | 0 |
_aWills _zEngland _zCanterbury. _971265 |
|
| 651 | 0 |
_aGreat Britain _xChurch history _xSources. _971266 |
|
| 700 | 1 |
_aJacob, E. F. _q(Ernest Fraser), _d1894-1971. , _eed. _959622 |
|
| 942 |
_2ddc _cBK |
||
| 999 |
_c23110 _d23110 |
||